000 00676nam a2200241 i 4500
001 135404
003 ES-MaACL
005 20230906194857.0
007 t|
008 070717s1931 xxk ||||1| eng d
080 _a579.8
080 _a612.017
100 1 _aTopley, William Whiteman Carlton.
_9110601
245 1 4 _aThe principles of bacteriology and immunity /
_cby W.W.C. Topley and G.S. Wilson.
250 _a2ª ed.
260 _aLondon :
_bEdward Arnold,
_c1931.
300 _a2 v. ;
_c25 cm.
650 1 4 _aBacteriología.
_910473
650 1 4 _aInmunidad.
_913786
700 1 _aWilson, G. S.
_9220140
852 _aES-MaACL
_jB-11514-15
999 _c135404
_d135404